Rozsypanka Brawl stars - Statystyki

Ogólne statystyki
  • Ten quiz został rozwiązany 17 razy
  • Średni wynik to 20 z 30
Statystyki odpowiedzi
Rozsypanka Zadymiarz % Poprawnych
zeak Kaze
88%
kurk Kruk
88%
ipkes Spike
88%
abe Bea
82%
noel Leon
82%
gizgy Ziggy
82%
zubz Buzz
76%
tlco Colt
76%
juju Juju
76%
oul Lou
76%
elble Belle
71%
corkb Brock
71%
iggi Gigi
71%
nadym Mandy
71%
romsit Mortis
71%
tiso Otis
71%
repip Piper
71%
liwwol Willow
71%
abmre Amber
65%
has Ash
65%
grya Gray
65%
sesije Jessie
65%
ecriep Pierce
65%
ndasy Sandy
65%
nepny Penny
59%
lyelsh Shelly
59%
tus Stu
47%
naetj Janet
35%
bolrtgew Glowbert
29%
nobien Bonnie
24%
Nie znaleziono quizów pasujących do podanych kryteriów
Rozkład punktacji
Procent ludzi z każdym wynikiem
Percentyl według liczby udzielonych odpowiedzi
Twoja historia wyników
Nie rozwiązałeś tego quizu